000 00600nmm a2200181Ia 4500
008 251105s9999||||xx |||||||||||||||||und||
020 _a9788491162131
041 _aspa
100 _aPérez Tornero, José Manuel
245 0 _aIdeas para aprender a aprender :
_b Manual de innovación educativa y tecnología
264 _a[Madrid, España] :
_bUniversitat Oberta de Catalunya,
_c2016
300 _a342 páginas
650 _aEducation
700 _aPérez Tornero, José Manuel
700 1 _a Tejedor Calvo, Santiago
856 _uhttps://public.digitaliapublishing.com/a/43925
942 _cCF
999 _c69950
_d69950